Регионална библиотека "Любен Каравелов" - Русе

Избрани произведения (Запис номер 182781)

MARC детайли
000 -Лидер
Контролно поле с фиксирана дължина 02431nam a2200397 c 4500
003 - Код на организацията, давaща контролен номер
Контролно поле BLK
005 - Дата и час на последна редакция
Контролно поле 20241108141318.0
008 - Елементи от данни с фиксирана дължина
fixed length control field 180411b bul|||||r ||||||| ||bul||
010 ## - Наследен системен номер
LC control number KNG00191706000
040 ## - Източник на каталожния запис
Идентификатор на билиотеката - собственик на записа BLK
041 ## - Код за език
Код за езика на текст/звукозапис или на отделно заглавие Български
Код за езика КДБФ Български
080 ## - УДК
Текстов определител УДК Руска литература
УДК код - определител по УДК 821.161.1
УДК определител (081.2)
УДК - код + определител 821.161.1(081.2)
080 ## - УДК
Текстов определител УДК Руска литература
УДК код - определител по УДК 821.161.1
УДК определител -32
УДК - код + определител 821.161.1-32
080 ## - УДК
Текстов определител УДК Руска литература
УДК код - определител по УДК 821.161.1
УДК определител -2
УДК - код + определител 821.161.1-2
100 1# - Редна дума - Автор
Автор Горки, Максим
Дати, свързани с автора 1868-1936
Автор - информация (биография) писател
Пълна форма на името Пешков, Алексей Максимович
Авторска отговорност първи автор
R(LIN) 55187
139 ## - Редно поле
Редна дума Горки, Максим
Авторски знак Горк - Г 68
245 10 - Сведения за заглавието
Заглавие Избрани произведения
Подзаглавни данни В 12 т. За том: Повест
Редно поле (дума) Максим Горки; състав. с предг. от Иван Димитров Пауновски; ред. кол. Георги Германов; прев. от рус. на том Катя Атанасова Койчева; * Алексей Максимович Пешков.
Том Т. 2
Заглавие на том Сред хората
257 ## - Страна на издаване
Страна на създаване/издаване СССР
260 ## - Област на издателските данни
-- София
Име на издателя, разпространителя и проч. Партиздат
-- Нар. култура
Година на издаване 1988 -
300 ## - Физическа характеристика
Размери/Мащаб 21 см
380 ## - Жанр
Жанр Худож. лит.
500 ## - Общи забележки
Забележка Максим Горки - псевд. на Алексей Максимович Пешков. - Други ред. : Ив. Руж, Ив. Цветков, К. Топчиева, С. Райков
505 ## - Форматирана забележка
Подзаглавни данни
Авторската отговорност
Заглавие Разкази
505 ## - Форматирана забележка
Подзаглавни данни Пиеса
Авторската отговорност
Заглавие На дъното
700 1# - Други автори (авторска отговорност)
Лично име Пауновски, Иван Димитров
Автороска отговорност (Описва отношението между автора и произведението) състав. с предг. от
9 (RLIN) 367499
700 1# - Други автори (авторска отговорност)
Лично име Германов, Георги
Автороска отговорност (Описва отношението между автора и произведението) ред. кол.
9 (RLIN) 375649
700 ## - Други автори (авторска отговорност)
Лично име Койчева, Катя Атанасова
Дати, свързани с автора 1926 - 1993
Друга информация Преводач от руски език
9 (RLIN) 281153
700 1# - Други автори (авторска отговорност)
Лично име Пешков, Алексей Максимович
Автороска отговорност (Описва отношението между автора и произведението) *
9 (RLIN) 368201
760 1# - Описание на основната серия
Редна дума на основното описание Горки, Максим
Място на издаване, издател и година 1989
Страници - том 664 с.
Забележка - том Прев. е направен от Полное собрание сочинений в 25 т. Т. 3, 5, 7, 15 / М. Горький. - Други прев. : Хр. Влахов, Хр. Берберов, Л. Ацева
Заглавие Т. 2 Сред хората
852 ## - Местоположение
Форматна сигнатура Цб 153608
856 4# - Електронен адрес и достъп
Електронен формат pdf - файл
Път до файла /url/
856 4# - Електронен адрес и достъп
Електронен формат pdf - файл
Път до файла /url/
942 ## - АРТИКУЛИ
Вид на библиотечния материал Книги
Скрит в OPAC Не
Koha issues (borrowed), all copies 2
944 ## - СЪЗДАВАНЕ И РЕДАКЦИЯ на ЗАПИСА
Създаване/Редакция Създаване
Дата на регистрацията/редакция 06.10.2016
Служител, извършил регистрацията/редакцията 30575
Статус, дата на статуса Мартин Енчев
944 ## - СЪЗДАВАНЕ И РЕДАКЦИЯ на ЗАПИСА
Създаване/Редакция Редакция
Дата на регистрацията/редакция 06.10.2016
Служител, извършил регистрацията/редакцията Севдалина_Василева
999 ## - СИСТЕМНИ КОНТРОЛНИ НОМЕРА
Koha biblionumber 182781
Koha biblioitemnumber 182781
Наличности
Код за отписване Код за изгубен артикул Източник на класификационната схема Код за повреда Коз за рестрикции Код за отдаване Артикулен № Име на библиотеката - собственик Име на библиотеката, в която се намира в момента Статус (Текущо местоположение) Дата на вписване в системата Местоположение - отдел Цена в лева Инвентарен номер Систематично азбучна сигнатура Баркод Номер на екземпляра Цена в евро Служебна бележка Служебен тип на артикула
  Не е изгубен Universal Decimal Classification Не е повреден без рестрикции ползва се в читалня 314402 Регионална библиотека "Любен Каравелов" Русе Регионална библиотека "Любен Каравелов" Русе Хранилище 1989-01-01 Хранилище 4.20 513463 Цб 153608 120000513463 1 2.15 Дост: Dp Вид: Д N: стар фонд Дата: 01.01.1989 Книги
Изтеглен Не е изгубен Universal Decimal Classification Не е повреден без рестрикции заемане за дома 314403 Регионална библиотека "Любен Каравелов" Русе Регионална библиотека "Любен Каравелов" Русе Заемна - подръчен фонд 1989-01-01 Заемна - подръчен фонд 4.20 514251 П 882(081)/Г 68 514251 2 2.15 Дост: Pk Вид: Ф N: стар фонд Дата: 01.01.1989 Книги
Изтеглен Не е изгубен Universal Decimal Classification Не е повреден без рестрикции заемане за дома 314404 Регионална библиотека "Любен Каравелов" Русе Регионална библиотека "Любен Каравелов" Русе Заемна - подръчен фонд 1989-01-01 Заемна - подръчен фонд 4.20 514252 П 882(081)/Г 68 514252 3 2.15 Дост: Pk Вид: Ф N: стар фонд Дата: 01.01.1989 Дата инв: 09.02.2018 Бележки инв: П2018 Книги
  Не е изгубен Universal Decimal Classification Не е повреден без рестрикции заемане за дома 314405 Регионална библиотека "Любен Каравелов" Русе Регионална библиотека "Любен Каравелов" Русе Заемна - подръчен фонд 1989-01-01 Заемна - подръчен фонд 4.20 514253 П 882(081)/Г 68 120000514253 4 2.15 Дост: Pk Вид: Ф N: стар фонд Дата: 01.01.1989 Дата инв: 09.02.2018 Бележки инв: П2018 Книги
Vip Innovations Ltd, Rousse, Bulgaria 2025